| 000 | 01107nam a22003257a 4500 | ||
|---|---|---|---|
| 001 | 9255 | ||
| 003 | FISKH | ||
| 005 | 20251205123423.0 | ||
| 008 | 251205b cb ||||| |||| 00| 0 eng d | ||
| 020 | _a9780545572750 | ||
| 040 |
_aFISKH _beng _cFISKH _dFISKH |
||
| 050 | _aQH86.L32 | ||
| 082 | _a578.734 | ||
| 100 | _aLangley , Andrew | ||
| 245 |
_aRainforest / _cBy Andrew Langley |
||
| 250 | _aFirst Scholastic printing , March 2013 | ||
| 260 |
_aNew York : _bScholastic , _c2010. |
||
| 300 |
_a48 pages : _bcolor illustrations ; _c25 cm . |
||
| 490 | _aNavigators | ||
| 505 | _aZ | ||
| 520 | _aPresents a heavily illustrated introduction to the rainforests of the world and the plants, animals, resources, and people that are found there, as well as how these valuable areas are threatened by human activity. | ||
| 521 | 8 |
_a990
_bLexile |
|
| 521 | 8 |
_aZ
_bRaz-Plus |
|
| 650 |
_aConservation _vNon-fiction |
||
| 650 |
_aRainforest _vNon-fiction |
||
| 700 |
_aCroucher, Barry _eIllustrator |
||
| 700 |
_aHanna, Gary _eIllustrator |
||
| 942 |
_2ddc _cBK _n0 |
||
| 999 |
_c9255 _d9255 |
||